Locuzioni latine - Quiz n°16 - Statistics

Statistiche generali
  • Questo quiz è stato fatto 31 volte
  • Il punteggio medio è 9 su 10
Statistiche sulle risposte
Hint Risposta % Corretto
Excusatio non petita, accusatio manifesta Scusa non richiesta, accusa manifesta
100%
Magna Carta Grande Carta (delle libertà)
96%
Magna Grecia Grande Grecia
96%
Si vis amari, ama Se vuoi essere amato, ama
96%
Si vis pacem, para bellum Se vuoi la pace, prepara la guerra
96%
Cuius regio, eius religio Di chi [è] il regno, di lui [sia] la religione
88%
Extra omnes Fuori tutti
88%
Memento audere semper Ricorda di osare sempre
88%
Amat victoria curam Il successo ama la preparazione
75%
Ipse dixit Lui stesso l'ha detto
71%
Nessun quiz corrispondente trovato
Distribuzione punteggi
Percentuale di utenti per punteggio
Percentile per numero di risposta
I tuoi punteggi nel tempo
Non hai fatto questo quiz